1130 1803 1058 1753 1022 1097 1271 1729 1834 1700 1473 1391 1719 1499 1387 1751 1379 1175 1082 1573 1700 1991 1409 1255 1554 1966 1425 1347 1831 1078 1866 1736 1382 1684 1840 1570 1928 1510 1281 1580 1721 1862 1903 1289 1056 1952 1197 1166 1599 1044 1106 1978 1175 1370 1253 1291 1496 1120 1362 1132 1778 1340 1772 1554 1357 1809 1213 1498 1273 1846 1819 1502 1289 1713 1032 1070 1929 1786 1919 1070 1940 1740 1664 1541 1106 1465 1523 1238 1589 1464 1796 1433 1946 1424 1559 1139 1372 1651 1116 BCNSPRNW ULIB Ver.6.0+V

เปลี่ยนเป็นภาษาไทย

Change to English
 แสดงรายละเอียดบรรณานุกรม
  กลับหน้าหลัก

Brief Record : Get Marc (ISO 2709) : E-mail record : QR code < ปิดหน้าต่าง
LEADER : 00000nam 2200000uu 4500
001    13399111734
003     ULIB
008    110707s2551||||th 000 0 tha d
020    9789743647680
050  4 DS568^bค127ว 2551
100 0  คณาจารย์มหาวิทยาลัยมหาจุฬาลงกรณราชวิทยาลัย
245 10 วัฒนธรรมไทย =^bThai culture /^cคณาจารย์มหาวิทยาลัยมหาจุฬาลงกรณราชวิทยาลัย ; บรรณาธิการ,ประกอบ มีโคตรกอง
246 31 Thai culture
250    พิมพ์ครั้งที่ 1
260    กรุงเทพฯ :^bมหาวิทยาลัยมหาจุฬาลงกรณราชวิทยาลัย,^c2551
300    (10), 276 หน้า :^bภาพประกอบ ;^c26 ซม.
650  4 ไทย^xความเป็นอยู่และประเพณี
650  4 วัฒนธรรมไทย
650  4 ศิลปวัฒนธรรม^zไทย
700 0  ประกอบ มีโคตรกอง,^eบรรณาธิการ
710 2  มหาวิทยาลัยมหาจุฬาลงกรณราชวิทยาลัย
945    ^p180^l0^i024679
995    ทศพร
999 ^a ใช้งานได้ทุกระบบ
รายการนี้ยังไม่มีแท็ก
คุณยังไม่ได้ล็อกอิน คุณสามารถมีกิจกรรมร่วมกับเว็บไซต์ได้ แต่ต้องล็อกอินก่อน ::
  ล็อกอิน

รายการสื่อสารสนเทศ

ลำดับที่ ประเภท เลขเรียก/บาร์โค้ด สถานที่ สถานะ
- ไม่พบข้อมูล -

รายการใกล้เคียง
    หัวเรื่อง [วัฒนธรรมไทย]

BibComment


ยังไม่เคยถูกคอมเมนท์

คอมเมนท์ทรัพยากรรายการนี้
  คอมเมนท์: วัฒนธรรมไทย Thai..


 Copyright 2026. Bcnsprnw @Library